Dlhá cesta potravinového kódexu

Zákon o potravinách nadobudol účinnosť 1. 1. 1996. Rozhodujúcim paragrafom je Potravinový kódex SR. Rozdelený je na časť všeobecnú - dotýka sa rozhodujúcich častí potravín, a časť komoditnú - dotýka sa určitej výrobkovej skupiny alebo priamo výrobku.

Guardado en:
Detalles Bibliográficos
Formato: Capítulo de libro
Lenguaje:eslovaco
Materias:
Etiquetas: Agregar Etiqueta
Sin Etiquetas, Sea el primero en etiquetar este registro!

MARC

LEADER 00000naa a2200000 4500
001 r027191
005 20230727090700.1
041 0 |a slo 
044 |a CZ 
245 1 0 |a Dlhá cesta potravinového kódexu 
520 |a Zákon o potravinách nadobudol účinnosť 1. 1. 1996. Rozhodujúcim paragrafom je Potravinový kódex SR. Rozdelený je na časť všeobecnú - dotýka sa rozhodujúcich častí potravín, a časť komoditnú - dotýka sa určitej výrobkovej skupiny alebo priamo výrobku. 
610 2 0 |a potraviny 
610 2 0 |a kódexy 
610 2 0 |a zákony 
610 2 0 |a Slovensko 
610 2 0 |a 1996 
610 2 0 |a výrobky